000 00520nam a2200157 a 4500
008 120416s1981 ||||||||||||||||| || u
050 _aQB 145 Ron
100 _aRonan, Colin A
245 1 4 _aThe practical astronomer
260 _aLondon
_bBook Club Associates
_c1981
300 _a205p ; ill.
350 _a0.00
650 _aTEXTBOOKS
650 _aASTRONOMER
995 _D0.00
_FCBU-MAIN LIBRARY (Kitwe)
_H1
_I12.90
_M1
_UAVAILABLE
_ZAnnex Low-Usage Collection
999 _c54206
_d54206